00853nam a2200217 a 4500008004100000020001500041050001300056100002300069245014300092260004000235300002200275350000900297650001900306650000800325650002500333700002200358700001900380995010000399999001700499952011900516071213s2005 ||||||||||||||||| || u a0821361899 aIBRD(02) aBernstein, David S10aJudicial systems in transition economies: assessing the past, looking to the futurecJames H. Anderson; David S. Bernstein; Cheryl W. Gray aWashington, D. C.bWorld Bankc2005 axvii, 110p.: ill. a0.00 aJUDICIARY--LAW aLAW aTRANSITION ECONOMIES aAnderson, James H aGray, Cheryl W D0.00FCBU-MAIN LIBRARY (Kitwe)H1I0.00M1UAVAILABLEWDec 13, 2007ZInternational Publications c48525d48525 00102lcc4070a001b001cInternational Publicationsd2022-11-30l0oIBRD(02)p42116r2022-11-30w2022-11-30y002